| 000 | 01057nam0a2200313 4500 | ||
|---|---|---|---|
| 001 | RU\NLR\bibl\746874 | ||
| 005 | 20260409074736.0 | ||
| 010 |
_a5-699-10027-X _95100 |
||
| 021 |
_aRU _b2005-297и _919и |
||
| 035 | _a(NLR Aleph) 000736704 | ||
| 090 |
_a796657 _c796657 |
||
| 100 | _a20050411d2004 u y0rusy50 ca | ||
| 101 | 1 | _arus | |
| 102 | _aRU | ||
| 105 | _aa ||||||||| | ||
| 200 | 1 |
_aМудрые советы _eмудрость жизни: ценный опыт _e[фотоальбом _fпер.- А. С. Хромова] |
|
| 210 |
_aМосква _cЭксмо _dпеч. 2004 |
||
| 215 |
_a[128] с. _cил. _d16 |
||
| 606 | 1 |
_aЖивотные _jФотоальбомы _91163614 _3RU\NLR\auth\66148196 |
|
| 606 |
_aЖизненный путь (социол.) _xАфоризмы _3RU\NLR\auth\661322800 _92201341 |
||
| 686 | _aЕ6я61 | ||
| 686 | _aС550.47я48 | ||
| 702 | 1 |
_aХромова _bА. С. _4730 |
|
| 801 | 0 |
_aRU _bNLR _c20050411 _gPSBO |
|
| 801 | 1 |
_aRU _bNLR _c20050411 |
|
| 942 | _cBOOK | ||
| 980 | _aNB | ||